| 000 | 00568nam a22001817a 4500 | ||
|---|---|---|---|
| 005 | 20140210153322.0 | ||
| 010 | _aENG-109143 | ||
| 020 |
_a9789383051014 _c70.00 |
||
| 035 | _aEN-92676 | ||
| 037 | _bDBAD/PUB | ||
| 082 | _a636.2 | ||
| 100 | _aKumarappa, J.C. | ||
| 245 |
_aThe cow in our economy / _cby J.C. Kumarappa |
||
| 260 |
_aChennai _bUnique Media Integrators _c2013 |
||
| 270 |
_aNo.8, 6th Cross, 8th Main Road, Vaishanavi Nagar, Thirumullaivoyal _bChennai _e600109 |
||
| 300 |
_a79p. _c21cm (pbk) |
||
| 942 |
_2ddc _cEN _mKUM _h636.2 |
||
| 999 |
_c82050 _d82050 |
||